000 00607nam a2200229Ia 4500
008 180523s9999 xx 000 0 und d
020 _a1-86197-861-8
050 _aMAIN HD 62.25
050 _b.L43 2007
100 _aLeach, Peter.
245 0 _aFamily businesses :
245 4 _bthe essentials /
245 0 _cPeter Leach; foreword by Roger Pedder.
260 _aLondon :
260 _bProfile Books,
260 _c2008
300 _a231 pages :
300 _billustrations ;
300 _c23 cm.
500 _aIncludes index.
650 _aFamily-owned business enterprises -- Management.
999 _c356936
_d356936